Seminario sobre salud ocupacional y seguridad en programas de formación profesional, Sao Paulo, 1983.

Uloženo v:
Podrobná bibliografie
Korporativní autor: Centro Interamericano de Investigación y Documentación sobre Formación Profesional (CINTERFOR)
Médium: Kniha
Jazyk:španělština
Edice:(Cinterfor-Informes ; no. 115)
Témata:
Tagy: Přidat tag
Žádné tagy, Buďte první, kdo vytvoří štítek k tomuto záznamu!

MARC

LEADER 00000cam^a2200000uu^4500
001 000457812
005 20250521000000.0
008 050901s1983^^^^^^^^^^^^rd^r^^000^0^spa^d
009 20260310124052.617
035 |a FCE 000000255 
035 |a FCE 000256 
037 |a Acervo ITESO - Biblioteca 
041 |a spa 
082 0 4 |a 082.1  |b OIT 1983 1-115 
110 |a Centro Interamericano de Investigación y Documentación sobre Formación Profesional (CINTERFOR) 
245 1 0 |a Seminario sobre salud ocupacional y seguridad en programas de formación profesional, Sao Paulo, 1983. 
264 |a Montevideo :  |b CINTERFOR,  |c 1983. 
300 |a 229 p. 
336 |a texto  |b txt  |2 rdacontenido 
337 |a sin mediación  |b n  |2 rdamedio 
338 |a volumen  |b nc  |2 rdasoporte 
440 0 |a (Cinterfor-Informes ;  |v no. 115) 
611 4 |a Informe de Conferencia 
611 4 |a Seminario 
649 |a XX 
650 |a Salud 
650 |a Formación profesional 
650 |a Higiene 
650 |a Programa de formación 
650 |a Seguridad en el trabajo 
650 |a Brasil 
910 |a Fondo Centro de Estudios Educativos 
920 |a Impresos - Libros 
930 |a Fondos Especiales 
905 |a 133 
901 |a ALE000256  |b IT2  |c CEE  |u 20250521 
901 |a ALE045186  |b IT2  |c CEE  |u 20250521 
902 |a https://opac.biblio.iteso.mx/vufind/Record/000457812